Mathematical introduction to linear programming and game theory /
Guardado en:
| Autor Principal: | |
|---|---|
| Formato: | Libro |
| Idioma: | English |
| Publicado: |
New York :
Springer-Verlag,
c1989.
|
| Series: | Undergraduate texts in mathematics
|
| Materias: | |
| Acceso en línea: | Publisher description |
| Etiquetas: |
Agregar Etiqueta
Sin Etiquetas, Sea el primero en etiquetar este registro!
|
| LEADER | 01078cam a2200265 a 4500 | ||
|---|---|---|---|
| 001 | MAT.inmabb005353 | ||
| 008 | 890425s1989####nyua#####b####001#0#eng## | ||
| 005 | 20130313153345.0 | ||
| 245 | 1 | 0 | |a Mathematical introduction to linear programming and game theory / |c Louis Brickman. |
| 260 | |a New York : |b Springer-Verlag, |c c1989. | ||
| 300 | |a ix, 130 p. : |b il. ; |c 25 cm. | ||
| 440 | 0 | |a Undergraduate texts in mathematics | |
| 504 | |a Bibliografía: p. [125]. | ||
| 500 | |a Incluye índice. | ||
| 505 | 0 | |a Simultaneous linear equations -- Linear programming foundations -- The simplex algorithm -- Dual tableaux and two-phase algorithms -- Dual LP problems -- Matrix games -- Bibliography -- Index. | |
| 510 | 4 | |a MR, |c 90h:90099 | |
| 020 | |a 0387969314 | ||
| 100 | 1 | |a Brickman, Louis. | |
| 650 | 0 | |a Linear programming. | |
| 650 | 0 | |a Game theory. | |
| 084 | |a 90C05 (90-01 91A05) |2 msc2000 | ||
| 010 | |a 89011257 | ||
| 040 | |a DLC |c DLC |d DLC | ||
| 856 | 4 | 2 | |3 Publisher description |u http://www.loc.gov/catdir/enhancements/fy0814/89011257-d.html |
| 859 | |h 90 |i B849 |p A-8557 |b BIB. MATEMATICA | ||
